000 00614nam a2200169 u 4500
001 000004956
005 20200929151538.0
008 090728s1994 dr r 001 0 spa d
020 _a8820919656
040 _aDO-SdBNP
_bspa
_cBNPHU
245 0 0 _aDirectorio para el ministerio y a la vida de los prebisteros /
_cCongregación para el clero; introducción José T. Card. Sanchéz.
260 _aSanto Domingo :
_bLibreria Editrice Vaticana,
_c1994.
300 _a118 p. ;
_c21 cm.
500 _aIncluye índices
500 _aIncluye notas a pie de páginas
700 1 _aCard. Sanchéz, José T.
_eIntroducción
_914315
999 _c4762
_d4762